000 01619nam a2200289Ia 4500
999 _c55059
_d55059
001 22134
003 GE_BSU
005 20221116144646.0
008 181216s2016||||ge |||||||||||||| ||geo||
020 _a9789941242458
040 _cGE_BSU
041 _ageo
080 _a338.22 კ-14
100 _aკავასაკი, გაი
_915859
245 _aიდეიდან პირველ მილიონამდე :
_b[რჩევები ბიზნესის გურუსგან] /
_cგაი კავასაკი ; დავით ახალაძის თარგმანი ; რედაქტორი ხათუნა ნონიაშვილი ; დიზაინერი ლაშა გიორგაძე.
264 _aთბილისი :
_bპალიტრა L,
_c2016.
300 _a248 გვ. ;
_c21 სმ.
490 _aლურჯი ოკეანე - წარმატების ბიბლიოთეკა
541 _h10ლ.50თ.
653 _aბიზნესი. მეწარმეობა
653 _aეკონომიკა
653 _aიდეიდან პირველ მილიონამდე : [რჩევები ბიზნესის გურუსგან]
700 _aნონიაშვილი, ხათუნა
_eმთარგმნელი
_915791
700 _aნონიაშვილი, ხათუნა
_eრედაქტორი
_915791
700 _aგიორგაძე, ლაშა
_eდიზაინერი
_915860
942 _cBK
_2udc